| 000 | 01995nam a22003734i 4500 | ||
|---|---|---|---|
| 999 |
_c64232 _d64232 |
||
| 001 | 18729072 | ||
| 003 | CO-MdFUSB | ||
| 005 | 20180312105423.0 | ||
| 008 | 150804s2015 pau g b 001 0 eng | ||
| 010 | _a 2015030490 | ||
| 020 | _a9781599474953 (alk. paper) | ||
| 040 |
_aDLC _bspa _erda _dCO-MdFUSB _cCO-MdFUSB |
||
| 041 | _aeng | ||
| 042 | _apcc | ||
| 082 | 0 | 0 |
_224 _aG 110 _bT828b |
| 100 | 1 |
_aTrigg, Roger. _eautor |
|
| 242 | 1 | 0 |
_aMás allá de la materia _b: por qué la ciencia necesita metafísica _lInglés |
| 245 | 1 | 0 |
_aBeyond matter _b: why science needs metaphysics _c/ Roger Trigg. |
| 264 | 1 |
_aWest Conshohocken, PA : _bTempleton Press ; _c℗2015 |
|
| 264 | 4 | _c©2015 | |
| 300 |
_axiii, 162 páginas; _c23 cm _b: |
||
| 336 |
_atexto _btxt _2rdacontent |
||
| 337 |
_asin mediación _bn _2rdamedia |
||
| 338 |
_avolumen _bnc _2rdacarrier |
||
| 501 | _aIncluye índice (p. 159- 162) | ||
| 505 | 0 | _a¿Es la ciencia la única autoridad? -- Ciencia y realidad -- Mundo y mente -- ¿Es el mundo inteligible? -- La unidad de la ciencia -- El éxito de la ciencia. | |
| 520 | _aLa metafísica ha sido tradicionalmente entendida como un razonamiento más allá del alcance de la ciencia, a veces incluso reivindicando realidades que están más allá de su alcance. Debido a esto, la metafísica a menudo ha sido desestimada desdeñosamente por científicos y filósofos que desean permanecer dentro de los límites de lo que puede ser probado científicamente. Sin embargo, los científicos en las fronteras de la física se involucran involuntariamente en la metafísica, ya que ahora están felices de contemplar universos completos que, en principio, están más allá del alcance humano. | ||
| 563 | _aTapa dura | ||
| 650 | 7 |
_aCiencia _xFilosofía _9293 |
|
| 906 |
_a7 _bcbc _corignew _d1 _eecip _f20 _gy-gencatlg |
||
| 942 | _cBK | ||